000 00724cam a2200205 4500
001 WB3617-37
008 000000n2000 000 0 eng u
035 _a(Sirsi) u105802
245 _aRural property market survey
260 _c2000
490 _aRICS Press Release
_v(pr045) 5 May 2000 (2)
520 _aThe latest RICS rural property market report suggests that the average price of farmland increased slightly in 1Q 2000, with prices being buttressed by good quality 'bare land' and farms with residential appeal.
590 _aWB
650 _aRICS RURAL LAND MARKET SURVEY GREAT BRITAIN
650 _aFARMING
650 _aFARMLAND PRICES
650 _aLAND VALUES
690 _aRural
_96268
942 _n0
999 _c63353
_d63353